|
|
|
|
| LEADER |
00657nam a2200205Ia 4500 |
| 001 |
CTU_93943 |
| 008 |
210402s9999 xx 000 0 und d |
| 020 |
|
|
|c 147
|
| 082 |
|
|
|a 615.9
|
| 082 |
|
|
|b A781
|
| 245 |
|
0 |
|a Arsenic exposure and health effects :
|
| 245 |
|
0 |
|b Proceedings of the international conference on arsenic exposure and health effects
|
| 245 |
|
0 |
|c Willard R. Chappell ... [et al.]
|
| 260 |
|
|
|a Netherlands
|
| 260 |
|
|
|b Elsevier Inc.
|
| 260 |
|
|
|c 2004
|
| 650 |
|
|
|a Arsenic,Arsenic
|
| 650 |
|
|
|x Toxicology,Congresses,Environmental aspects,Congresses
|
| 904 |
|
|
|i Tuyến
|
| 980 |
|
|
|a Trung tâm Học liệu Trường Đại học Cần Thơ
|